Talavera poblana (Record no. 9879)

MARC details
000 -CABECERA
campo de control de longitud fija 00659nam a2200217 a 4500
001 - NÚMERO DE CONTROL
campo de control BRL_1067
005 - FECHA Y HORA DE LA ÚLTIMA TRANSACCIÓN
campo de control 20190320211024.0
008 - DATOS DE LONGITUD FIJA--INFORMACIÓN GENERAL
campo de control de longitud fija 061113s1979----mx-a######---#000-0#spa-#
041 ## - CÓDIGO DE LENGUA
Código de lengua del texto/banda sonora o título independiente spa
044 ## - CÓDIGO DEL PAÍS DE LA ENTIDAD EDITORA/PRODUCTORA
Código MARC del país mx
050 #4 - SIGNATURA TOPOGRÁFICA DE LA BIBLIOTECA DEL CONGRESO
Número de clasificación NK4340.P8
Número de documento/Ítem .T35 1979
245 10 - MENCIÓN DE TÍTULO
Título Talavera poblana
260 ## - PUBLICACIÓN, DISTRIBUCIÓN, ETC.
Lugar de publicación, distribución, etc. [México]
Nombre del editor, distribuidor, etc. Fomento Cultural Banamex ; Pinacoteca Marqués del Jaral de Berrio
Fecha de publicación, distribución, etc. 1979
300 ## - DESCRIPCIÓN FÍSICA
Extensión [12] p.
Otras características físicas 121 láminas (algunas a color)
Dimensiones 24 cm.
500 ## - NOTA GENERAL
Nota general Au1176
650 14 - PUNTO DE ACCESO ADICIONAL DE MATERIA--TÉRMINO DE MATERIA
Término de materia o nombre geográfico como elemento de entrada Talavera poblana
Subdivisión de forma Exposiciones
9 (RLIN) 25734
650 14 - PUNTO DE ACCESO ADICIONAL DE MATERIA--TÉRMINO DE MATERIA
Término de materia o nombre geográfico como elemento de entrada Cerámica
Subdivisión de forma Exposiciones
Subdivisión geográfica Puebla
9 (RLIN) 25735
650 14 - PUNTO DE ACCESO ADICIONAL DE MATERIA--TÉRMINO DE MATERIA
Término de materia o nombre geográfico como elemento de entrada Cerámica mexicana
Subdivisión de forma Exposiciones
9 (RLIN) 1705
902 ## - CATALOGADOR
Iniciales GRL
942 ## - ELEMENTOS DE PUNTO DE ACCESO ADICIONAL (KOHA)
Fuente del sistema de clasificación o colocación Library of Congress Classification
Tipo de ítem Koha Libros
Holdings
Estado de retiro Estado de pérdida Estado dañado No para préstamo Localización permanente Ubicación/localización actual Fecha de adquisición Número de inventario Total de préstamos Signatura topográfica completa Código de barras Fecha visto por última vez Precio válido a partir de Tipo de ítem Koha
El ejemplar forma parte de la colección y puede ser consultado según las políticas vigentes.       Biblioteca Centro de Estudios Ruth D. Lechuga Biblioteca Centro de Estudios Ruth D. Lechuga 06/11/2013 Au1176   NK4340.P8 .T35 1979 (Au1176) GRL01164 22/03/2019 22/03/2019 Libros